Věda hrou /
Knížka pro zvídavé kluky a holky, kteří se zajímají o přírodu a její fungování. Pro děti od 7 let.
Uloženo v:
| Hlavní autor: | |
|---|---|
| Médium: | E-kniha |
| Jazyk: | Czech |
| Vydáno: |
Brno :
Edika,
2018
|
| Vydání: | 1. vydání |
| Témata: | |
| Tagy: |
Žádné tagy |
| LEADER | 02524nam a2200517 i 4500 | ||
|---|---|---|---|
| 001 | 310881 | ||
| 003 | CZ PrSKC | ||
| 005 | 20260601215656.0 | ||
| 007 | ta | ||
| 008 | 180220s2018 xr a b f 000 0 cze | ||
| 015 | |a cnb002981064 | ||
| 020 | |a 9788026612247 |q (vázáno) : |c Kč 249,00 | ||
| 035 | |a (OCoLC)1031053789 | ||
| 040 | |a OLA001 |b cze |d ABA001 |e rda | ||
| 072 | 7 | |a 5 |x Přírodní vědy. Matematické vědy |2 Konspekt | |
| 072 | 7 | |a 0/9-053.2 |x Literatura pro děti a mládež (naučná) |2 Konspekt | |
| 080 | |a 5 |2 MRF | ||
| 080 | |a 379.825 |2 MRF | ||
| 080 | |a (035) |2 MRF | ||
| 080 | |a (0.053.2) |2 MRF | ||
| 100 | 1 | |a Chajda, Radek, |d 1973- |7 mzk2006322924 |4 aut | |
| 245 | 1 | 0 | |a Věda hrou / |c Radek Chajda |
| 250 | |a 1. vydání | ||
| 264 | 1 | |a Brno : |b Edika, |c 2018 | |
| 300 | |a 127 stran : |b barevné ilustrace ; |c 25 cm | ||
| 336 | |a text |b txt |2 rdacontent | ||
| 336 | |a statický obraz |b sti |2 rdacontent | ||
| 337 | |a bez média |b n |2 rdamedia | ||
| 338 | |a svazek |b nc |2 rdacarrier | ||
| 520 | 2 | |a Knížka pro zvídavé kluky a holky, kteří se zajímají o přírodu a její fungování. Pro děti od 7 let. | |
| 520 | 2 | |a Víš, jak funguje teploměr? Jak pracuje potrubní pošta? A že úplně snadno zvládneš vyrobit malé tornádo? Tohle všechno a ještě mnohem víc si můžeš ověřit na 120 pokusech, kterými tě provede profesor Hokus Pokus. Budeš potřebovat jen pomůcky běžně dostupné doma, jako jsou PET lahve, provázky nebo staré noviny. Dozvíš se, jak vyrobit papír, vodní hodiny nebo jednoduchý vysavač. Poznáš, proč se ponorka potopí a zase vyplave, jak funguje Archimédův šroub. Nakladatelská anotace. | |
| 521 | 8 | |a Pro děti od 7 let | |
| 650 | 0 | 7 | |a přírodní vědy |7 ph115999 |2 czenas |
| 650 | 0 | 7 | |a pokusy |7 ph137866 |2 czenas |
| 650 | 0 | 9 | |a natural sciences |2 eczenas |
| 650 | 0 | 9 | |a experiments |2 eczenas |
| 655 | 7 | |a příručky |7 fd133209 |2 czenas | |
| 655 | 7 | |a publikace pro děti |7 fd133156 |2 czenas | |
| 655 | 9 | |a handbooks and manuals |2 eczenas | |
| 655 | 9 | |a children's literature |2 eczenas | |
| 900 | |a ABA001 |b 19 | ||
| 928 | 9 | |a Albatros Media - Edika | |
| 044 | |a xr | ||
| 910 | |a RBIT002 | ||
| 998 | |d 177867 |a https://core.palmknihy.cz/api/books/177867/cover?p61tc9 |b https://core.palmknihy.cz/api/books/177867/cover/400?p61tc9 |c https://core.palmknihy.cz/api/books/177867/cover/50?p61tc9 |e 3999-12-31 |g 128 |i 9788026612247 |k https://core.palmknihy.cz/api/books/177867/preview.pdf |l |q 49 |r 1 |s https://www.palmknihy.cz/kniha/177867 |t ebook |y 2018 |z 0 | ||
| 999 | |d 310879 | ||